<?xml version="1.0" encoding="UTF-8"?><?xml-stylesheet type="text/xsl" href="static/style.xsl"?><OAI-PMH xmlns="http://www.openarchives.org/OAI/2.0/" xmlns:xsi="http://www.w3.org/2001/XMLSchema-instance" xsi:schemaLocation="http://www.openarchives.org/OAI/2.0/ http://www.openarchives.org/OAI/2.0/OAI-PMH.xsd"><responseDate>2026-04-18T00:14:39Z</responseDate><request verb="GetRecord" identifier="oai:www.recercat.cat:20.500.12327/1926" metadataPrefix="marc">https://recercat.cat/oai/request</request><GetRecord><record><header><identifier>oai:recercat.cat:20.500.12327/1926</identifier><datestamp>2025-10-22T11:22:53Z</datestamp><setSpec>com_2072_4428</setSpec><setSpec>com_2072_4427</setSpec><setSpec>col_2072_487898</setSpec></header><metadata><record xmlns="http://www.loc.gov/MARC21/slim" xmlns:dcterms="http://purl.org/dc/terms/" xmlns:xsi="http://www.w3.org/2001/XMLSchema-instance" xmlns:doc="http://www.lyncode.com/xoai" xsi:schemaLocation="http://www.loc.gov/MARC21/slim http://www.loc.gov/standards/marcxml/schema/MARC21slim.xsd">
   <leader>00925njm 22002777a 4500</leader>
   <datafield ind2=" " ind1=" " tag="042">
      <subfield code="a">dc</subfield>
   </datafield>
   <datafield ind2=" " ind1=" " tag="720">
      <subfield code="a">Alkassar, Mounira</subfield>
      <subfield code="e">author</subfield>
   </datafield>
   <datafield ind2=" " ind1=" " tag="720">
      <subfield code="a">Leonardo, Sandra</subfield>
      <subfield code="e">author</subfield>
   </datafield>
   <datafield ind2=" " ind1=" " tag="720">
      <subfield code="a">Diogène, Jorge</subfield>
      <subfield code="e">author</subfield>
   </datafield>
   <datafield ind2=" " ind1=" " tag="720">
      <subfield code="a">Campàs, Mònica</subfield>
      <subfield code="e">author</subfield>
   </datafield>
   <datafield ind2=" " ind1=" " tag="260">
      <subfield code="c">2022-09-24</subfield>
   </datafield>
   <datafield ind2=" " ind1=" " tag="520">
      <subfield code="a">Marine toxins are potent toxic compounds that may reach humans and poison them. Therefore, their detection in seafood is crucial to prevent intoxication cases. Colorimetric cell-based assays (CBAs) have been developed to analyse marine neurotoxins, such as ciguatoxins (CTXs) and tetrodotoxins (TTXs), and are based on the toxicological effect of these toxins on the cells. Cell viability can be quantified by measuring the mitochondrial activity with 3-(4,5-dimethylthiazol-2-yl)-2,5-diphenyltetrazolium bromide (MTT). With the purpose of moving forward in the development of cell-based biosensors (CBBs) for neurotoxins, Neuro-2a cells were immobilised on electrodes of different materials (carbon, carbon/polyaniline, carbon/poly-L-lysine, carbon/poly(3,4-ethylenedioxythiophene) and gold) and their presence and viability were assessed by the detection of MTT formazan crystals with cyclic voltammetry. Best results in terms of oxidation potential and current intensity were achieved with carbon and carbon/polyaniline electrodes. Light microscopy also proved the presence of immobilised and living cells on electrodes. Cell density, incubation time and MTT concentration were optimised. Appropriate electrochemical responses were obtained incubating 100,000 cells/electrode for 2 h and using 0.86 mg/mL MTT. The system was able to detect toxicity when exposed to CTX1B and TTX standard solutions as well as Seriola dumerili and Lagocephalus sceleratus fish extracts containing these toxins.</subfield>
   </datafield>
   <datafield ind1="8" ind2=" " tag="024">
      <subfield code="a">Alkassar, Mounira, Sandra Leonardo, Jorge Diogène, and Mònica Campàs. 2022. "Immobilisation Of Neuro-2A Cells On Electrodes And Electrochemical Detection Of MTT Formazan Crystals To Assess Their Viability". Bioelectrochemistry, 108274. doi:10.1016/j.bioelechem.2022.108274.</subfield>
   </datafield>
   <datafield ind1="8" ind2=" " tag="024">
      <subfield code="a">1567-5394</subfield>
   </datafield>
   <datafield ind1="8" ind2=" " tag="024">
      <subfield code="a">http://hdl.handle.net/20.500.12327/1926</subfield>
   </datafield>
   <datafield ind1="8" ind2=" " tag="024">
      <subfield code="a">https://doi.org/10.1016/j.bioelechem.2022.108274</subfield>
   </datafield>
   <datafield ind2="0" ind1="0" tag="245">
      <subfield code="a">Immobilisation of Neuro-2a cells on electrodes and electrochemical detection of MTT formazan crystals to assess their viability</subfield>
   </datafield>
</record></metadata></record></GetRecord></OAI-PMH>